MARC details
| 000 -CABECERA |
| campo de control de longitud fija |
01920cam a22002537a 4500 |
| 003 - IDENTIFICADOR DEL NÚMERO DE CONTROL |
| campo de control |
MX-MxUPN |
| 005 - FECHA Y HORA DE LA ÚLTIMA TRANSACCIÓN |
| campo de control |
20240417152207.0 |
| 008 - ELEMENTOS DE LONGITUD FIJA--INFORMACIÓN GENERAL |
| campo de control de longitud fija |
230817s1998 mx|a|||f |||| 100 0 spa d |
| 040 ## - FUENTE DE LA CATALOGACIÓN |
| Centro catalogador/agencia de origen |
MX-MxUPN |
| Lengua de catalogación |
spa |
| 050 #4 - SIGNATURA TOPOGRÁFICA DE LA BIBLIOTECA DEL CONGRESO |
| Número de clasificación |
L107 |
| Número de documento/Ítem |
E536 1998 |
| 111 ## - ASIENTO PRINCIPAL--NOMBRE DE REUNION |
| 9 (RLIN) |
49928 |
| Nombre de congreso/reunión o jurisdicción como elemento de entrada |
Encuentro Nacional "Memoria de una experiencia docente" |
| Número del congreso/reunión o número de parte o sección |
(2° : |
| Fecha del congreso/reunión |
1998 : |
| Sede del congreso/Lugar de la reunión |
Benemérita Escuela Nacional de Maestros) |
| 245 ## - MENCIÓN DE TÍTULO |
| Título |
2° Encuentro "Memoria de una Experiencia Docente" : |
| Resto del título |
trabajos presentados |
| 260 ## - PUBLICACIÓN, DISTRIBUCIÓN, ETC. |
| Lugar de publicación, distribución, etc. |
México, D.F.: |
| Nombre del editor, distribuidor, etc. |
Secretaría de Educación Pública, |
| Fecha de publicación, distribución, etc. |
1998 |
| 300 ## - DESCRIPCIÓN FÍSICA |
| Extensión |
8 volúmenes |
| 500 ## - NOTA GENERAL |
| Nota general |
En la portada: 26, 27 y 28 de marzo de 1998, Benemérita Escuela Nacional de Maestros. |
| 500 ## - NOTA GENERAL |
| Nota general |
La biblioteca tiene los volúmenes 2, 4 y 6. |
| 505 ## - NOTA DE CONTENIDO CON FORMATO PREESTABLECIDO |
| Información miscelánea |
v.1. |
| Título |
Alumnos con necesidades educativas especiales ; Participación de los padres de familia en la educación. -- |
| Información miscelánea |
v.2. |
| Título |
El juego y su importancia como elemento integrador y reforzador de actitudes, valores y aprendizajes ; Aprovechamiento de espacios como escenarios de interacción ; La actividad física en el proceso educativo. -- |
| Información miscelánea |
v.3. |
| Título |
Construcción y fortalecimiento de hábitos y valores. -- |
| Información miscelánea |
v.4. |
| Título |
Utilización de los medios de comunicación en la escuela ; Educación artística y actividades tecnológicas en el proceso de enseñanza-aprendizaje. -- |
| Información miscelánea |
v.5. |
| Título |
Innovaciones educativas. -- |
| Información miscelánea |
v.6. |
| Título |
Estrategias para desarrollar los procesos de lectura y escritura ; Sugerencias didácticas. -- |
| Información miscelánea |
v.7. |
| Título |
Desarrollo de conocimientos, creatividad y actitudes positivas de los alumnos. -- |
| Información miscelánea |
v.8. |
| Título |
Planeación evaluación del trabajo escolar. |
| 650 #4 - ASIENTO SECUNDARIO DE MATERIA - TERMINO TEMATICO |
| 9 (RLIN) |
48937 |
| Término de materia o nombre geográfico como elemento de entrada |
Maestros |
| Subdivisión de forma |
Congresos |
| 650 #4 - ASIENTO SECUNDARIO DE MATERIA - TERMINO TEMATICO |
| Término de materia o nombre geográfico como elemento de entrada |
Medios masivos de comunicación en la educación |
| Subdivisión de forma |
Congresos |
| 9 (RLIN) |
49932 |
| 650 #4 - ASIENTO SECUNDARIO DE MATERIA - TERMINO TEMATICO |
| Término de materia o nombre geográfico como elemento de entrada |
Arte |
| Subdivisión general |
Estudio y enseñanza |
| Subdivisión de forma |
Congresos |
| 9 (RLIN) |
49933 |
| 650 #4 - ASIENTO SECUNDARIO DE MATERIA - TERMINO TEMATICO |
| Término de materia o nombre geográfico como elemento de entrada |
Educación tecnológica |
| Subdivisión de forma |
Congresos |
| 9 (RLIN) |
49934 |
| 902 ## - ELEMENTOS DE DATOS B LOCAL, LDB (RLIN) |
| Creó |
LC17082023 |
| Modificó |
VíctorGodínez/110923 |
| 942 ## - ELEMENTOS DE PUNTO DE ACCESO ADICIONAL (KOHA) |
| Fuente del sistema de clasificación o colocación |
Library of Congress Classification |
| Tipo de ítem Koha |
Libro |